00607nam a2200193 a 4500020001800000082001300018100001700031245005700048260004800105300000900153500003500162505001700197650002900214650002000243700001700263942000700280952010900287999001700396 a8170868 00a230bTHA aThanzauva, K aTheology of Community, Tribal Theology in the Making aBangalorebAsian Trading Corporation c2004 a327p aincludes index and biblioraphy2 aBibliography aAnthropological-Theology aTheology-Tribes1 aThanzauva, K cBK 00104070aHMIbHMId2007-06-21g220.00l6m2o230 THAp021329r2024-02-09s2023-11-17w2026-01-16yBK c14118d14118